IPD regeneration index (Record no. 107364)
[ view plain ]
| 000 -LEADER | |
|---|---|
| fixed length control field | 01378cam a22002055a 4500 |
| 001 - CONTROL NUMBER | |
| control field | L139844 |
| 008 - FIXED-LENGTH DATA ELEMENTS--GENERAL INFORMATION | |
| fixed length control field | 110516s2007 xxk f 000 0 eng d |
| 035 ## - SYSTEM CONTROL NUMBER | |
| System control number | (Sirsi) u139844 |
| 041 0# - LANGUAGE CODE | |
| Language code of text/sound track or separate title | eng |
| 050 04 - LIBRARY OF CONGRESS CALL NUMBER | |
| Classification number | 711.52 $2 18 |
| 110 2# - MAIN ENTRY--CORPORATE NAME | |
| Corporate name or jurisdiction name as entry element | Investment Property Databank |
| 9 (RLIN) | 2288 |
| 245 00 - TITLE STATEMENT | |
| Title | IPD regeneration index |
| Remainder of title | summer 2007 |
| Medium | [electronic resource] |
| 260 ## - PUBLICATION, DISTRIBUTION, ETC. | |
| Place of publication, distribution, etc. | London |
| Name of publisher, distributor, etc. | IPD |
| Date of publication, distribution, etc. | 2007 |
| 520 ## - SUMMARY, ETC. | |
| Summary, etc. | Finds that total returns for all property in regeneration areas have outperformed all UK property over the last five years. There is no significant long term disadvantage in investing in regeneration areas, and some advantages are noticeable. Investing in regeneration areas is now considered mainstream, as the level of risk and volatility has reduced since 1996. High investor appetite is reflected in regeneration areas. The retail sector has been a driving force. Office property returns are strong. Industrial regeneration property has performed well, with secure returns over time. Regeneration areas are associated with significant capital value growth for residential areas. |
| 590 ## - LOCAL NOTE (RLIN) | |
| Local note | KA NTK |
| 651 #4 - SUBJECT ADDED ENTRY--GEOGRAPHIC NAME | |
| Geographic name | England and Wales |
| Chronological subdivision | 1543- |
| 690 ## - LOCAL SUBJECT ADDED ENTRY--TOPICAL TERM (OCLC, RLIN) | |
| Topical term or geographic name as entry element | PROPERTY-COMMERCIAL PROPERTY-COMMERCIAL PROPERTY FINANCE AND INVESTMENT |
| 856 40 - ELECTRONIC LOCATION AND ACCESS | |
| Uniform Resource Identifier | <a href="https://www.regenwm.org/media/documents/urbanregenerationindex200711.pdf">https://www.regenwm.org/media/documents/urbanregenerationindex200711.pdf</a> |
| Public note | View the item free of charge at www.regenwm.org |
| 942 ## - ADDED ENTRY ELEMENTS (KOHA) | |
| Suppress in OPAC | 0 |
| Withdrawn status | Lost status | Source of classification or shelving scheme | Damaged status | Not for loan | Home library | Current library | Shelving location | Date acquired | Total Checkouts | Full call number | Barcode | Date last seen | Copy number | Price effective from | Koha item type |
|---|---|---|---|---|---|---|---|---|---|---|---|---|---|---|---|
| Dewey Decimal Classification | Virtual | Virtual | Online | 14/08/2007 | ONLINE PUBLICATION | 139844-1001 | 06/08/2019 | 1 | 06/08/2019 | Book |